[Event "5th Classic Open 2013"]
[Site "London ENG"]
[Date "2013.12.07"]
[Round "1.69"]
[White "Arapalea, Daniel-Ionel"]
[Black "Bird, Andrew"]
[Result "0-1"]
[WhiteElo "1814"]
[BlackElo "2229"]
[WhiteFideId "1232614"]
[BlackFideId "3204502"]
[EventDate "2013.12.07"]

1. e4 e5 2. Nf3 Nc6 3. Bc4 Bc5 4. c3 Nf6 5. b4 Bb6 6. d3 O-O 7. Bg5 d6 8. a4 a6
9. Nbd2 Qe7 10. Qb3 Nd8 11. h3 Ne6 12. Bh4 Nf4 13. O-O h6 14. Kh2 g5 15. Bg3
N6h5 16. Ng1 Be6 17. Qd1 Kh7 18. Bxf4 Nxf4 19. g3 Ng6 20. Qh5 c6 21. Rad1 d5 22.
Bb3 f5 23. c4 fxe4 24. c5 Bc7 25. dxe4 a5 26. Ndf3 Rad8 27. h4 gxh4 28. Nh3 Bxh3
29. Kxh3 dxe4 30. Bc2 Qe6+ 31. Kh2 exf3 32. Qxh4 Kg7 33. Qe4 Qf6 34. b5 Rd4 35.
Rxd4 exd4 36. b6 Be5 37. Re1 Re8 38. Kg1 Re7 39. Qg4 Bd6 40. Rc1 Bb8 41. Rd1 Be5
42. Re1 Bd6 43. Rc1 Bxc5 44. Bxg6 Qxg6 45. Qxg6+ Kxg6 46. Rxc5 d3 47. Rc4 d2 48.
Rg4+ Kh7 0-1

[Event "5th Classic Open 2013"]
[Site "London ENG"]
[Date "2013.12.07"]
[Round "1.71"]
[White "Peck, Silas"]
[Black "Moore, Gerald"]
[Result "0-1"]
[WhiteElo "1803"]
[BlackElo "2215"]
[WhiteFideId "432865"]
[BlackFideId "403440"]
[EventDate "2013.12.07"]

1. e4 c6 2. d4 d5 3. e5 Bf5 4. Nf3 e6 5. Be2 Nd7 6. O-O Bg6 7. Nbd2 Nh6 8. Nb3
Nf5 9. Bd2 Be7 10. g4 Nh4 11. Nxh4 Bxh4 12. f4 f6 13. f5 Bf7 14. fxe6 Bxe6 15.
exf6 Bxf6 16. g5 Be7 17. Bg4 Bf7 18. Qe2 O-O 19. Rxf7 Rxf7 20. Be6 Nf8 21. Bxf7+
Kxf7 22. Rf1+ Kg8 23. Qf3 Ng6 24. Qf5 Kh8 25. Nc1 Qb6 26. Bc3 Rf8 27. Qe6 Rxf1+
28. Kxf1 Qd8 29. Bd2 Qf8+ 30. Kg1 Nh4 31. Qe2 Qf3 32. Be3 Kg8 33. Qxf3 Nxf3+ 34.
Kf2 Nxg5 35. Nd3 Ne6 36. Ne5 Bd6 37. Nf3 Kf7 38. h3 Kf6 39. b3 g5 40. c4 Kf5 41.
Nd2 h5 42. Nf3 Nf4 43. Ng1 g4 44. hxg4+ hxg4 45. Ne2 Nxe2 46. Kxe2 Ke4 47. Bg1
Bf4 48. a4 a6 49. c5 Bc1 50. b4 Bb2 51. Kd2 g3 0-1

[Event "5th Classic Open 2013"]
[Site "London ENG"]
[Date "2013.12.07"]
[Round "1.72"]
[White "Balint, Vilmos"]
[Black "Opasiak, Dustin Tennessee"]
[Result "1-0"]
[WhiteElo "2214"]
[BlackElo "1796"]
[WhiteFideId "718050"]
[BlackFideId "24630217"]
[EventDate "2013.12.07"]

1. e4 e6 2. d4 d5 3. Nc3 Nf6 4. Bg5 Bb4 5. e5 h6 6. exf6 hxg5 7. fxg7 Rg8 8. Qh5
Qf6 9. O-O-O Qxg7 10. Qe2 Bxc3 11. bxc3 Nd7 12. Nf3 Nb6 13. Ne5 Bd7 14. Qe3
O-O-O 15. h4 Be8 16. hxg5 Qxg5 17. Qxg5 Rxg5 18. Rh7 f6 19. Nf3 Rh5 20. Rg7 Rh1
21. Re1 Rd7 22. Rg8 Re7 23. Bd3 Rxe1+ 24. Nxe1 Kd7 25. Rf8 Bf7 26. f4 Nc8 27.
Nf3 Nd6 28. g4 Re8 29. Rxe8 Bxe8 30. Kd2 b5 31. Ke3 Nc4+ 32. Kf2 Ke7 33. Kg3 Ne3
34. Nd2 f5 35. gxf5 Nxf5+ 36. Bxf5 exf5 37. Kh4 Kf6 38. Nb3 Kg6 39. Nc5 Kh6 40.
Ne6 c6 41. Nd8 a6 42. Nb7 Kg6 43. Nc5 a5 44. Nb7 a4 45. a3 Kf6 46. Nc5 Kg6 47.
Nd3 Kh6 48. Ne5 Bh5 49. Nxc6 Bd1 50. Nb4 Bf3 51. Nc6 Kg6 52. Ne5+ 1-0

[Event "5th Classic Open 2013"]
[Site "London ENG"]
[Date "2013.12.07"]
[Round "1.73"]
[White "Chilton, James I"]
[Black "Jetzl, Joerg"]
[Result "0-1"]
[WhiteElo "1778"]
[BlackElo "2213"]
[WhiteFideId "423009"]
[BlackFideId "1601172"]
[EventDate "2013.12.07"]

1. e4 e6 2. d4 d5 3. Nc3 Nf6 4. e5 Ng8 5. Be3 b6 6. f4 Qd7 7. Nf3 h5 8. Qd2 Nh6
9. O-O-O Nc6 10. a3 Bb7 11. Bd3 O-O-O 12. h3 Na5 13. Qe2 Kb8 14. g4 Nc4 15. g5
Nf5 16. Bf2 g6 17. Nh4 Nxh4 18. Bxh4 Qc6 19. Rhg1 Nxa3 20. f5 exf5 21. Bxf5 gxf5
22. g6 Bh6+ 23. Rd2 fxg6 24. Bxd8 Rxd8 25. Rg3 Nc4 26. Nb1 Re8 27. Rc3 Qa4 28.
b3 Bxd2+ 29. Kd1 Qa1 30. Rxc4 Bh6 31. Ke1 Qxb1+ 32. Kf2 dxc4 33. Qxc4 Qh1 34.
Qd3 Qg2+ 35. Ke1 Bf3 0-1

[Event "5th Classic Open 2013"]
[Site "London ENG"]
[Date "2013.12.07"]
[Round "1.74"]
[White "Semprun Martinez, Fernando"]
[Black "De Lagontrie, Jean"]
[Result "1-0"]
[WhiteElo "2213"]
[BlackElo "1775"]
[WhiteFideId "2203170"]
[BlackFideId "605271"]
[EventDate "2013.12.07"]

1. e4 e6 2. d4 d5 3. Nc3 Bb4 4. e5 c5 5. a3 Bxc3+ 6. bxc3 Ne7 7. Qg4 Qc7 8. Qxg7
Rg8 9. Qxh7 cxd4 10. Ne2 Nbc6 11. f4 Bd7 12. Qd3 dxc3 13. Qxc3 Nf5 14. Rb1 d4
15. Qd3 O-O-O 16. Rg1 Kb8 17. g4 Nh4 18. Kf2 Bc8 19. h3 Ka8 20. Ng3 Nxe5 21.
fxe5 Qxe5 22. Qe4 Qc5 23. Ba6 Rd7 24. Bd3 Ng6 25. Rb4 e5 26. Nf5 f6 27. Rc4 Qf8
28. Bd2 Qd8 29. Rb1 Ne7 30. Qf3 Rc7 31. Ba5 Nc6 32. Bxc7 Qxc7 33. Be4 Bd7 34.
Ne7 1-0

[Event "5th Classic Open 2013"]
[Site "London ENG"]
[Date "2013.12.07"]
[Round "1.75"]
[White "Kouchak, Jason"]
[Black "Guthrie, David"]
[Result "0-1"]
[WhiteElo "1740"]
[BlackElo "2195"]
[WhiteFideId "26011379"]
[BlackFideId "4300505"]
[EventDate "2013.12.07"]

1. d4 Nf6 2. Nf3 g6 3. Bg5 Bg7 4. Bxf6 Bxf6 5. e3 O-O 6. Bd3 c5 7. c3 d5 8. Nbd2
Nd7 9. h4 cxd4 10. cxd4 e5 11. dxe5 Nxe5 12. Nxe5 Bxe5 13. Rb1 h5 14. Nf3 Bg4
15. Qa4 Bg7 16. Qf4 Qa5+ 17. Kf1 Qxa2 18. Nh2 Qb3 19. Be2 Qc2 20. Re1 Bxe2+ 21.
Rxe2 Qd3 22. f3 Rac8 23. Kf2 Rc2 24. Re1 Rfc8 25. g4 d4 26. e4 Rxe2+ 27. Rxe2
Rc2 28. Rxc2 Qxc2+ 29. Kg1 d3 30. Nf1 Qxb2 31. Qb8+ Kh7 32. gxh5 Bd4+ 0-1

[Event "5th Classic Open 2013"]
[Site "London ENG"]
[Date "2013.12.07"]
[Round "1.76"]
[White "Steil-Antoni, Fiona"]
[Black "Torgersen, Markus"]
[Result "1-0"]
[WhiteTitle "WIM"]
[WhiteElo "2190"]
[BlackElo "1732"]
[WhiteFideId "4001249"]
[BlackFideId "1511653"]
[EventDate "2013.12.07"]

1. e4 c6 2. d4 d5 3. exd5 cxd5 4. Bd3 Nc6 5. c3 Nf6 6. h3 Qc7 7. Nf3 e6 8. O-O
h6 9. Re1 Bd6 10. Qe2 O-O 11. Ne5 Bxe5 12. dxe5 Nd7 13. f4 Nc5 14. Bc2 a5 15.
Na3 b6 16. Nb5 Qd7 17. Nd4 Ba6 18. Qf3 b5 19. Nxc6 Qxc6 20. f5 exf5 21. Qxf5 Ne4
22. Bxe4 dxe4 23. Qxe4 Qxe4 24. Rxe4 Rfe8 25. Bf4 f5 26. Ree1 Re6 27. Rad1 Rae8
28. Rd5 Kf7 29. h4 Rc8 30. Be3 Ke7 31. Bd4 Rd8 32. Rxd8 Kxd8 33. Re3 Bb7 34. h5
g5 35. hxg6 Rxg6 36. Re2 Be4 37. Kh2 Kc7 38. Be3 Kc6 39. Bf4 h5 40. g3 Bd5 41.
b3 Kd7 42. Rd2 Kc6 43. Rd4 a4 44. bxa4 Bxa2 45. axb5+ Kxb5 46. Rd8 Rg8 47. Rd6
Re8 48. Kh3 Kc4 49. Rc6+ Kb5 50. Rc7 Kb6 51. Rh7 Rc8 52. Be3+ Kc6 53. Rxh5 Re8
54. Bd4 Kd7 55. Kg2 Ke6 56. Kf2 Rg8 57. Rh6+ Ke7 58. Ra6 Bd5 59. Bc5+ Ke8 60.
Be3 Rg7 61. Ra5 Be6 62. Bf4 Rc7 63. Ra3 Rc4 64. Ke3 Kd7 65. Kd3 Re4 66. Ra7+ Kc6
67. Ra6+ Kd7 68. Rd6+ Ke7 69. Rc6 Bd5 70. Rc5 Ra4 1-0

[Event "5th Classic Open 2013"]
[Site "London ENG"]
[Date "2013.12.07"]
[Round "1.79"]
[White "Pattni, Kishan"]
[Black "Bates, Caspar J"]
[Result "0-1"]
[WhiteElo "1715"]
[BlackElo "2167"]
[WhiteFideId "420751"]
[BlackFideId "414760"]
[EventDate "2013.12.07"]

1. d4 Nf6 2. c4 e6 3. Nc3 Bb4 4. a3 Bxc3+ 5. bxc3 Qe7 6. f3 e5 7. e4 Nc6 8. Be3
b6 9. d5 Na5 10. c5 Nb7 11. cxb6 axb6 12. Qb3 O-O 13. Nh3 d6 14. Nf2 Nd7 15. g4
Ndc5 16. Qc2 Bd7 17. h4 Ra5 18. g5 Rfa8 19. Bc1 Ba4 20. Qb2 Nb3 21. Ra2 Nxc1 22.
Qxc1 Nc5 23. Ng4 Bb3 24. Ra1 b5 25. Qb2 c6 26. Rg1 cxd5 27. Nf6+ Kh8 28. Nxd5
Bxd5 29. exd5 Qa7 30. Rg4 Na4 31. Qd2 Qc5 32. c4 Nb6 33. cxb5 Rxa3 34. Rd1 Ra2
35. Rc1 Ra1 36. Rxa1 Rxa1+ 37. Ke2 Nc4 38. Qd3 Ra2+ 39. Ke1 Qf2+ 0-1

[Event "5th Classic Open 2013"]
[Site "London ENG"]
[Date "2013.12.07"]
[Round "1.80"]
[White "Bao, Qilin"]
[Black "Bratteteig, Tore-Inge"]
[Result "1-0"]
[WhiteElo "2166"]
[BlackElo "1696"]
[WhiteFideId "8605750"]
[BlackFideId "1510711"]
[EventDate "2013.12.07"]

1. e4 c6 2. d4 d5 3. exd5 cxd5 4. Bd3 Nf6 5. h3 Nc6 6. Nf3 e6 7. O-O Bd6 8. c3
h6 9. Re1 Qc7 10. Qe2 Nd7 11. Nbd2 O-O 12. Nf1 e5 13. dxe5 Ncxe5 14. Bc2 Nxf3+
15. Qxf3 Nf6 16. Bxh6 Be6 17. Bg5 Ne4 18. Bxe4 dxe4 19. Qxe4 Rfe8 20. Qf3 Rac8
21. Nd2 b5 22. Qd3 Qc6 23. Nf3 Bc4 24. Qc2 Rxe1+ 25. Rxe1 Re8 26. Be3 Bd5 27.
Nd4 Qb7 28. Qe2 a6 29. Qg4 Bf8 30. Qg3 Qd7 31. b3 Bd6 32. Qg4 Qc7 33. Rd1 Be6
34. Nxe6 Rxe6 35. Bd4 Rg6 36. Qf3 Be5 37. Bxe5 Qxe5 38. Rd8+ Kh7 39. Qxf7 Rf6
40. Qg8+ Kg6 41. Qe8+ 1-0

[Event "5th Classic Open 2013"]
[Site "London ENG"]
[Date "2013.12.07"]
[Round "1.81"]
[White "Miu, Marinel"]
[Black "Stanisz, Patryk"]
[Result "0-1"]
[WhiteElo "1683"]
[BlackElo "2165"]
[WhiteFideId "1220691"]
[BlackFideId "1123106"]
[EventDate "2013.12.07"]

1. d4 d5 2. c3 Nf6 3. Bf4 e6 4. e3 Be7 5. Nd2 c5 6. Bxb8 Rxb8 7. Qa4+ Bd7 8.
Qxa7 Bc6 9. dxc5 Nd7 10. Qa3 Nxc5 11. c4 Ne4 12. Qd3 Bb4 13. Nf3 dxc4 14. Qc2
Qf6 15. O-O-O Nxf2 16. Bxc4 Nxh1 17. Rxh1 O-O 18. Kb1 Rfd8 19. Rf1 Bxd2 20. Nxd2
Qg6 21. Qxg6 hxg6 22. Rf2 Rbc8 23. Bb3 Bd5 24. Bd1 Be4+ 0-1

[Event "5th Classic Open 2013"]
[Site "London ENG"]
[Date "2013.12.07"]
[Round "1.83"]
[White "Haddock, Paul"]
[Black "Haria, Ravi"]
[Result "0-1"]
[WhiteElo "1668"]
[BlackElo "2160"]
[WhiteFideId "419150"]
[BlackFideId "415820"]
[EventDate "2013.12.07"]

1. e4 e6 2. d4 d5 3. e5 c5 4. c3 Qb6 5. Nf3 Nc6 6. Bd3 cxd4 7. cxd4 Bd7 8. Bc2
Nb4 9. O-O Nxc2 10. Qxc2 Ne7 11. Nc3 Nc6 12. Be3 Be7 13. a3 Na5 14. Nd2 Rc8 15.
Qb1 O-O 16. f4 f5 17. Rf3 Nc6 18. Qa2 Be8 19. Na4 Qa5 20. Nc5 Nxd4 21. Bxd4 Bxc5
22. Nb3 Bxd4+ 23. Nxd4 Qb6 24. Rd1 Bh5 25. Rb3 Qa6 26. Re1 Rc4 27. Nf3 Rxf4 28.
Rc3 Qb6+ 29. Kh1 Bxf3 30. gxf3 Qf2 31. Rg1 Rd4 32. Rg2 Rd1+ 0-1

[Event "5th Classic Open 2013"]
[Site "London ENG"]
[Date "2013.12.07"]
[Round "1.86"]
[White "Willmoth, Robert F"]
[Black "Warstad, Leif E"]
[Result "1-0"]
[WhiteElo "2157"]
[BlackElo "1564"]
[WhiteFideId "402540"]
[BlackFideId "1516060"]
[EventDate "2013.12.07"]

1. e4 c5 2. Nf3 Nc6 3. d4 cxd4 4. Nxd4 Nf6 5. Nc3 d6 6. Nb3 g6 7. Be2 Bg7 8. O-O
O-O 9. Bg5 Bd7 10. f4 Qc8 11. Qd2 h6 12. Bh4 Bg4 13. h3 Bxe2 14. Qxe2 Re8 15.
Rad1 a6 16. Bxf6 Bxf6 17. Nd5 Qd8 18. Nxf6+ exf6 19. f5 Ne5 20. Qd2 Qb6+ 21. Kh1
Kg7 22. fxg6 fxg6 23. Qxd6 Qxd6 24. Rxd6 Rad8 25. Rfxf6 Rxd6 26. Rxd6 Nc4 27.
Rd7+ Kf6 28. Nd2 Nxd2 29. Rxd2 Rxe4 30. g3 h5 31. Kg2 Ke5 32. h4 b5 33. Kf3 a5
34. c3 b4 35. Re2 Rxe2 36. Kxe2 bxc3 37. bxc3 Ke4 38. a4 Kd5 39. Kd3 Kc5 40. c4 1-0

[Event "5th Classic Open 2013"]
[Site "London ENG"]
[Date "2013.12.07"]
[Round "1.87"]
[White "Lie, Terje"]
[Black "Okike, David"]
[Result "0-1"]
[WhiteElo "1551"]
[BlackElo "2150"]
[WhiteFideId "1504916"]
[BlackFideId "8500134"]
[EventDate "2013.12.07"]

1. d4 Nf6 2. c4 e6 3. Nf3 Bb4+ 4. Bd2 a5 5. a3 Be7 6. Nc3 d5 7. e3 O-O 8. Be2 c6
9. O-O Nbd7 10. Qc2 Re8 11. Bd3 h6 12. c5 Bf8 13. b4 e5 14. Bf5 e4 15. Ne5 Nxe5
16. Bxc8 Qxc8 17. dxe5 Rxe5 18. Ne2 axb4 19. axb4 Rxa1 20. Rxa1 Re8 21. Bc3 Nd7
22. Ra7 Nb8 23. Ra1 Na6 24. Qb2 Qd7 25. Nd4 Rc8 26. Nc2 Nc7 27. Nd4 Ra8 28. h3
Qc8 29. Kh2 Rxa1 30. Qxa1 Na6 31. Nc2 h5 32. Bd4 Kh7 33. Qc3 Nc7 34. Be5 Nb5 35.
Qb2 Qf5 36. Bg3 g5 37. Qe5 Qxe5 38. Bxe5 Kg6 39. g4 Be7 40. Kg2 f6 41. Bb2 Bd8
42. f3 f5 43. Be5 exf3+ 44. Kxf3 fxg4+ 45. hxg4 h4 46. Nd4 Nxd4+ 47. exd4 Bf6
48. Ke3 Bxe5 49. dxe5 Kf7 0-1

[Event "5th Classic Open 2013"]
[Site "London ENG"]
[Date "2013.12.07"]
[Round "1.90"]
[White "Lee, Kai Jie Edward"]
[Black "Kalerwa, Edwin M"]
[Result "1-0"]
[WhiteElo "2145"]
[BlackElo "1820"]
[WhiteFideId "5802920"]
[BlackFideId "422223"]
[EventDate "2013.12.07"]

1. e4 d6 2. d4 c5 3. Nf3 Nc6 4. c3 cxd4 5. cxd4 a6 6. Bc4 e6 7. Nc3 Nf6 8. Bg5
Be7 9. Bb3 Qa5 10. O-O h6 11. Bxf6 Bxf6 12. d5 Ne5 13. Nd4 exd5 14. Nxd5 O-O 15.
Nxf6+ gxf6 16. Rc1 Ng6 17. Bd5 Nf4 18. Rxc8 Nxd5 19. Qg4+ 1-0

[Event "5th Classic Open 2013"]
[Site "London ENG"]
[Date "2013.12.08"]
[Round "2.1"]
[White "Istratescu, Andrei"]
[Black "Ben Artzi, Ido"]
[Result "1-0"]
[WhiteTitle "GM"]
[WhiteElo "2670"]
[BlackElo "2341"]
[WhiteFideId "1200372"]
[BlackFideId "2810913"]
[EventDate "2013.12.07"]

1. e4 e5 2. Nf3 Nc6 3. Bb5 a6 4. Ba4 Nf6 5. O-O Be7 6. d3 b5 7. Bb3 d6 8. a4 Bd7
9. c3 O-O 10. Bc2 Re8 11. Re1 h6 12. Nbd2 Bf8 13. Nf1 g6 14. Ne3 Bg7 15. b4 Be6
16. axb5 axb5 17. Rxa8 Qxa8 18. Bb3 Nd8 19. Bb2 d5 20. exd5 Nxd5 21. c4 Nxb4 22.
cxb5 Nxd3 23. Qxd3 e4 24. Qd2 exf3 25. Bxg7 Kxg7 26. Qc3+ f6 27. Ng4 Rf8 28.
Bxe6 h5 29. Qxc7+ Kh8 30. Qf4 g5 31. Qxf3 Qxf3 32. gxf3 Nxe6 33. Rxe6 hxg4 34.
fxg4 Kg7 35. b6 Rd8 36. Re1 Rb8 37. Rb1 1-0

[Event "5th Classic Open 2013"]
[Site "London ENG"]
[Date "2013.12.08"]
[Round "2.2"]
[White "Richardson, John R"]
[Black "Grachev, Boris"]
[Result "0-1"]
[WhiteTitle "FM"]
[BlackTitle "GM"]
[WhiteElo "2340"]
[BlackElo "2669"]
[WhiteFideId "401617"]
[BlackFideId "4129199"]
[EventDate "2013.12.07"]

1. d4 Nf6 2. c4 e6 3. Nc3 Bb4 4. e3 O-O 5. Ne2 c6 6. a3 Ba5 7. b4 Bc7 8. Bb2 d5
9. Ng3 Nbd7 10. f4 Nb6 11. c5 Nc4 12. Bc1 b6 13. Bxc4 dxc4 14. O-O Nd5 15. Nxd5
exd5 16. f5 Qh4 17. Ra2 Re8 18. Rf3 bxc5 19. bxc5 Rb8 20. Nf1 Rb1 21. Raf2 Bd7
22. Rh3 Qf6 23. g4 Reb8 24. e4 dxe4 25. g5 Qxg5+ 26. Bxg5 Rxd1 27. Be3 c3 28.
Rh4 Re8 29. f6 Bd8 0-1

[Event "5th Classic Open 2013"]
[Site "London ENG"]
[Date "2013.12.08"]
[Round "2.3"]
[White "Sutovsky, Emil"]
[Black "Bates, Richard A"]
[Result "1-0"]
[WhiteTitle "GM"]
[BlackTitle "IM"]
[WhiteElo "2657"]
[BlackElo "2338"]
[WhiteFideId "2802007"]
[BlackFideId "403555"]
[EventDate "2013.12.07"]

1. e4 c5 2. Nc3 a6 3. Nge2 d6 4. d4 cxd4 5. Nxd4 Nf6 6. h3 e5 7. Nb3 Be6 8. f4
Nc6 9. f5 Bxb3 10. axb3 d5 11. exd5 Nxd5 12. Nxd5 Qh4+ 13. Kd2 O-O-O 14. c4 Qd4+
15. Ke2 Qe4+ 16. Be3 Nd4+ 17. Kf2 Nxf5 18. Qg4 Qc2+ 19. Be2 h5 20. Rac1 hxg4 21.
Rxc2 g3+ 22. Kf3 Rh4 23. Bd3 Nxe3 24. Kxe3 e4 25. Be2 Bc5+ 26. Kd2 f5 27. b4
Bxb4+ 28. Kc1 Bd6 29. Rf1 g6 30. c5 Bf8 31. Rd1 Rh7 32. Kb1 Kb8 33. c6 Bd6 34.
Nf6 Rf7 35. Nd7+ Kc7 36. cxb7+ Kxb7 37. Nc5+ Kb6 38. Ne6 Rdd7 39. Rcd2 Kc6 40.
Bxa6 Rf6 41. Bc8 1-0

[Event "5th Classic Open 2013"]
[Site "London ENG"]
[Date "2013.12.08"]
[Round "2.6"]
[White "Sowray, Peter J"]
[Black "Delchev, Aleksander"]
[Result "1/2-1/2"]
[WhiteTitle "FM"]
[BlackTitle "GM"]
[WhiteElo "2326"]
[BlackElo "2648"]
[WhiteFideId "400971"]
[BlackFideId "2900394"]
[EventDate "2013.12.07"]

1. d4 Nf6 2. c4 e6 3. Nc3 Bb4 4. e3 O-O 5. Ne2 c6 6. a3 Ba5 7. Ng3 d5 8. Bd3
dxc4 9. Bxc4 c5 10. O-O cxd4 11. exd4 Nc6 12. Be3 Bb6 13. Nge2 Ng4 14. Qd2 Nxd4
15. Bxd4 Qc7 16. Ng3 Qxc4 17. Bxb6 axb6 18. Rac1 Nf6 19. Rfe1 Qh4 20. Nge4 Nxe4
21. Rxe4 Qf6 22. Rd4 e5 23. Rd6 Qe7 24. Rd1 Bg4 25. f3 Be6 26. Qe3 f6 27. Qxb6
Ra6 28. Qb4 Kf7 29. Ne4 Kg8 30. Rb6 Qxb4 31. Rxb4 Rb8 32. Nc5 Rc6 33. Nxe6 Rxe6
34. Rd7 b5 35. a4 Reb6 36. a5 Ra6 37. Rg4 g5 38. b4 Rc6 39. h4 h6 40. hxg5 hxg5
41. Rg3 Rc1+ 42. Kf2 Rc2+ 43. Ke3 Rbc8 44. Ke4 R8c7 45. Rxc7 Rxc7 46. Kd5 Rc4
47. Rg4 Rc2 48. Re4 Rxg2 49. Kc6 Kf7 50. Re3 Ra2 51. Kxb5 Ke6 52. a6 f5 53. Kb6
e4 54. b5 Ke5 55. fxe4 f4 56. Re1 f3 57. Ka7 Rb2 58. b6 g4 59. b7 g3 60. b8=Q+
Rxb8 61. Kxb8 f2 62. Ra1 g2 63. a7 g1=Q 64. Rxg1 fxg1=Q 65. a8=Q Qg8+ 66. Ka7
Qxa8+ 67. Kxa8 Kxe4 1/2-1/2

[Event "5th Classic Open 2013"]
[Site "London ENG"]
[Date "2013.12.08"]
[Round "2.7"]
[White "Iordachescu, Viorel"]
[Black "Buchicchio, Giampaolo"]
[Result "1-0"]
[WhiteTitle "GM"]
[BlackTitle "FM"]
[WhiteElo "2614"]
[BlackElo "2312"]
[WhiteFideId "13900200"]
[BlackFideId "811491"]
[EventDate "2013.12.07"]

1. e4 c5 2. Nf3 e6 3. g3 d5 4. exd5 exd5 5. d4 Nf6 6. Bg2 Qe7+ 7. Be3 Ng4 8. O-O
Nxe3 9. fxe3 Be6 10. c4 dxc4 11. Ne5 f6 12. Qa4+ Nd7 13. Nxc4 b5 14. Qxb5 Rb8
15. Qa6 Bxc4 16. Qxc4 Qxe3+ 17. Kh1 Rb4 18. Qc2 Bd6 19. Nc3 Qh6 20. Rfe1+ Kd8
21. Ne4 Rxd4 22. Nxd6 Rxd6 23. Rad1 f5 24. Qa4 Re8 25. Qa5+ Rb6 26. Rxd7+ Kxd7
27. Qa4+ 1-0

[Event "5th Classic Open 2013"]
[Site "London ENG"]
[Date "2013.12.08"]
[Round "2.8"]
[White "Chapman, Terry P D"]
[Black "Hammer, Jon Ludvig"]
[Result "0-1"]
[WhiteTitle "FM"]
[BlackTitle "GM"]
[WhiteElo "2309"]
[BlackElo "2612"]
[WhiteFideId "413399"]
[BlackFideId "1503707"]
[EventDate "2013.12.07"]

1. Nf3 d5 2. d4 Nf6 3. c4 e6 4. g3 dxc4 5. Bg2 Bb4+ 6. Bd2 a5 7. Qc2 Bxd2+ 8.
Qxd2 c6 9. a4 Ne4 10. Qc1 Nd6 11. Nbd2 b5 12. Ne5 Ra6 13. O-O f6 14. Nef3 Nd7
15. e4 O-O 16. Rd1 Nb6 17. e5 Nf5 18. Ne4 Nxa4 19. g4 Ne7 20. exf6 gxf6 21. g5
fxg5 22. Nfxg5 Ng6 23. Ra3 Nf4 24. Kh1 Ra7 25. Bf1 c3 26. bxc3 h6 27. Nf3 Qd5
28. Re1 Nb6 29. Ne5 Nc4 30. Bxc4 bxc4 31. Rg1+ Kh7 32. f3 Nd3 33. Nxd3 cxd3 34.
Qe3 Ba6 35. Rg3 Rg7 36. Rxg7+ Kxg7 37. Ra1 Qf5 38. Nd2 Bb7 39. Qe5+ Qxe5 40.
dxe5 c5 41. Rxa5 Rxf3 42. Kg1 Re3 43. Ra7 Re1+ 44. Kf2 Re2+ 45. Kf1 Rxd2 46.
Rxb7+ Kg6 0-1

[Event "5th Classic Open 2013"]
[Site "London ENG"]
[Date "2013.12.08"]
[Round "2.9"]
[White "Gupta, Abhijeet"]
[Black "Carr, Neil L"]
[Result "1-0"]
[WhiteTitle "GM"]
[BlackTitle "FM"]
[WhiteElo "2608"]
[BlackElo "2275"]
[WhiteFideId "5010608"]
[BlackFideId "401048"]
[EventDate "2013.12.07"]

1. d4 f5 2. c4 Nf6 3. g3 g6 4. Bg2 Bg7 5. Nf3 O-O 6. O-O d6 7. Nc3 e6 8. Rb1 Qe7
9. Re1 Ne4 10. Bd2 Nc6 11. d5 Nxd2 12. Qxd2 Nd8 13. dxe6 Nxe6 14. e4 fxe4 15.
Rxe4 Qf7 16. Rbe1 h6 17. Qe3 Bd7 18. Rxe6 Bxe6 19. Qxe6 Bxc3 20. bxc3 Rae8 21.
Qxf7+ Kxf7 22. Rb1 b6 23. Nd4 c5 24. Bd5+ Kf6 25. Nb5 Re2 26. a4 Ke7 27. f3 g5
28. Nxa7 g4 29. Nc6+ Kf6 30. Rxb6 Rfe8 31. Rb1 Ra2 32. fxg4 Kg5 33. Rf1 Ree2 34.
h4+ Kxg4 35. Bf3+ Kxg3 36. Bxe2 Rxe2 37. Rd1 1-0

[Event "5th Classic Open 2013"]
[Site "London ENG"]
[Date "2013.12.08"]
[Round "2.10"]
[White "Osborne, Marcus E"]
[Black "Nevednichy, Vladislav"]
[Result "1/2-1/2"]
[BlackTitle "GM"]
[WhiteElo "2286"]
[BlackElo "2604"]
[WhiteFideId "404608"]
[BlackFideId "1205730"]
[EventDate "2013.12.07"]

1. d4 Nf6 2. c4 d6 3. Nc3 g6 4. e4 Bg7 5. h3 O-O 6. Bg5 Na6 7. Nf3 Qe8 8. Be2 e5
9. d5 Nh5 10. g3 f5 11. exf5 gxf5 12. Nh4 Nf6 13. Qb1 Nc5 14. O-O a5 15. Nxf5
Bxf5 16. Qxf5 Nxd5 17. Qc2 Nxc3 18. bxc3 e4 19. Be3 Qg6 20. Rad1 b6 21. Rd5 Be5
22. Qd1 Nd7 23. Bh5 Qg7 24. Qc1 Rf6 25. Bg5 Re6 26. h4 h6 27. Bg4 Rg6 28. Bxd7
Qxd7 29. Bxh6 Qg4 30. Bg5 Rf8 31. Qd1 Rf3 32. Rxe5 dxe5 33. Qd5+ Re6 34. Qd8+
Kg7 35. Qd7+ Rf7 36. Bh6+ Kg8 37. Qc8+ Kh7 38. Bg5 Qf5 39. Be3 Rc6 40. Qxf5+
Rxf5 41. g4 Rf7 42. h5 Rxc4 43. Rd1 Rxc3 44. g5 Rxe3 45. g6+ Kg7 46. fxe3 Re7
47. Rd8 c5 48. Kf2 Kf6 49. Rd6+ Kg5 50. Rxb6 Kxh5 51. Rc6 a4 52. Rxc5 Kxg6 53.
Ra5 Kf5 54. Rxa4 Rb7 55. a3 Rb2+ 56. Ke1 Ra2 57. Kd1 Ke6 58. Rxe4 Rxa3 59. Kd2
Kd5 60. Rb4 Kc5 61. Re4 Kd5 62. Rb4 e4 63. Rd4+ Ke5 64. Ke2 Ra2+ 65. Ke1 Kf5 66.
Kd1 Rb2 67. Ke1 Kg4 68. Rxe4+ Kf3 69. Re8 Re2+ 70. Kd1 Rxe3 71. Rxe3+ Kxe3 1/2-1/2

[Event "5th Classic Open 2013"]
[Site "London ENG"]
[Date "2013.12.08"]
[Round "2.13"]
[White "Hebden, Mark L"]
[Black "Persson, Mats"]
[Result "1-0"]
[WhiteTitle "GM"]
[WhiteElo "2560"]
[BlackElo "2250"]
[WhiteFideId "400084"]
[BlackFideId "1708333"]
[EventDate "2013.12.07"]

1. d4 d5 2. Nf3 e6 3. c4 c5 4. cxd5 exd5 5. Bg5 Be7 6. Bxe7 Qxe7 7. dxc5 Qxc5 8.
Nc3 Nf6 9. Qd4 Nbd7 10. Rd1 Qxd4 11. Rxd4 Nb6 12. e3 Be6 13. Bb5+ Ke7 14. O-O
Rac8 15. Rfd1 Rc5 16. Bd3 Nc4 17. Na4 Rc7 18. b3 Nd6 19. Ne5 Rhc8 20. f3 Rc1 21.
Nb2 Rxd1+ 22. Nxd1 Rc1 23. Bf1 Bf5 24. Rd2 Bb1 25. Nd3 Bxd3 26. Bxd3 Ke6 27. Kf2
g6 28. Ke2 Nd7 29. Rc2 Rxc2+ 30. Bxc2 Ne5 31. Kd2 Nc6 32. Nf2 Ne8 33. Kc3 Nf6
34. Kd2 Kd6 35. a3 a5 36. Nh3 Ne5 37. Kc3 Kc5 38. Nf4 h6 39. Ne2 Nc6 40. Nd4
Nxd4 41. b4+ axb4+ 42. axb4+ Kd6 43. Kxd4 Ne8 44. e4 dxe4 45. Bxe4 b6 46. Bd5
Ke7 47. f4 Nc7 48. Bc4 f6 49. h4 Kd6 50. g3 Ke7 51. Bd3 Kf7 52. g4 Ne6+ 53. Ke4
Nc7 54. Bc4+ Kg7 55. b5 Kf8 56. h5 Kg7 57. Kd4 gxh5 58. gxh5 Kf8 59. Ke4 Ne8 60.
Kd5 Ng7 61. Kc6 Ke7 62. Kxb6 Nxh5 63. Ka7 f5 64. b6 Nf6 65. b7 1-0